Từ điển khoa học và công nghệ Việt - Anh About 60.000 entries=Khoảng 60.000 mục từ
v.v...
Đã lưu trong:
| Tác giả chính: | |
|---|---|
| Định dạng: | Sách |
| Năm xuất bản: |
H.
Khoa học và kỹ thuật
1998
|
| Chủ đề: | |
| Tags: |
Thêm thẻ
Không có thẻ, Hãy là người đầu tiên gắn thẻ bản ghi này!
|
| LEADER | 02176nam a2200313 4500 | ||
|---|---|---|---|
| 082 | |a 603 |b T550đ | ||
| 100 | |a Mai Anh | ||
| 242 | |a English Dictionary of science and technology | ||
| 245 | |a Từ điển khoa học và công nghệ Việt - Anh |c Mai Anh, Lê Chiến, Phạm Đắp,... |b About 60.000 entries=Khoảng 60.000 mục từ | ||
| 260 | |a H. |b Khoa học và kỹ thuật |c 1998 | ||
| 300 | |a 935 tr. |c 24 cm | ||
| 520 | |a v.v... | ||
| 653 | |a Khoa học | ||
| 653 | |a Công nghệ | ||
| 653 | |a Tiếng Việt | ||
| 653 | |a Tiếng Anh | ||
| 653 | |a Từ điển | ||
| 942 | |2 ddc |c STK0 | ||
| 999 | |c 3826 |d 3826 | ||
| 952 | |0 0 |1 0 |2 ddc |4 0 |6 603_000000000000000_T550Đ |7 1 |8 600 |9 38912 |a qbu |b qbu |c D4 |d 2014-12-17 |g 110000 |o 603 T550đ |p 3089.c1 |r 0000-00-00 |w 2014-12-17 |y STK0 | ||
| 952 | |0 0 |1 0 |2 ddc |4 0 |6 603_000000000000000_T550Đ |7 0 |8 600 |9 38913 |a qbu |b qbu |c D4 |d 2014-12-17 |g 110000 |o 603 T550đ |p 3089.c2 |r 0000-00-00 |w 2014-12-17 |y STK0 | ||
| 952 | |0 0 |1 0 |2 ddc |4 0 |6 603_000000000000000_T550Đ |7 0 |8 600 |9 38914 |a qbu |b qbu |c D4 |d 2014-12-17 |g 110000 |o 603 T550đ |p 3089.c3 |r 0000-00-00 |w 2014-12-17 |y STK0 | ||
| 952 | |0 0 |1 0 |2 ddc |4 0 |6 603_000000000000000_T550Đ |7 0 |8 600 |9 38915 |a qbu |b qbu |c D4 |d 2014-12-17 |g 110000 |o 603 T550đ |p 3089.c4 |r 0000-00-00 |w 2014-12-17 |y STK0 | ||
| 952 | |0 0 |1 0 |2 ddc |4 0 |6 603_000000000000000_T550Đ |7 0 |8 600 |9 38916 |a qbu |b qbu |c D4 |d 2014-12-17 |g 110000 |o 603 T550đ |p 3089.c5 |r 0000-00-00 |w 2014-12-17 |y STK0 | ||
| 952 | |0 0 |1 0 |2 ddc |4 0 |6 603_000000000000000_T550Đ |7 0 |8 600 |9 38917 |a qbu |b qbu |c D4 |d 2014-12-17 |g 110000 |o 603 T550đ |p 3089.c6 |r 0000-00-00 |w 2014-12-17 |y STK0 | ||
| 952 | |0 0 |1 0 |2 ddc |4 0 |6 603_000000000000000_T550Đ |7 0 |8 600 |9 38918 |a qbu |b qbu |c D4 |d 2014-12-17 |g 110000 |o 603 T550đ |p 3089.c7 |r 0000-00-00 |w 2014-12-17 |y STK0 | ||
| 952 | |0 0 |1 0 |2 ddc |4 0 |6 603_000000000000000_T550Đ |7 0 |8 600 |9 38919 |a qbu |b qbu |c D4 |d 2014-12-17 |g 110000 |o 603 T550đ |p 3089.c8 |r 0000-00-00 |w 2014-12-17 |y STK0 | ||
| 952 | |0 0 |1 0 |2 ddc |4 0 |6 603_000000000000000_T550Đ |7 0 |8 600 |9 38920 |a qbu |b qbu |c D4 |d 2014-12-17 |g 110000 |o 603 T550đ |p 3089.c9 |r 0000-00-00 |w 2014-12-17 |y STK0 | ||
| 952 | |0 0 |1 0 |2 ddc |4 0 |6 603_000000000000000_T550Đ |7 0 |8 600 |9 38921 |a qbu |b qbu |c D4 |d 2014-12-17 |g 110000 |o 603 T550đ |p 3089.c10 |r 0000-00-00 |w 2014-12-17 |y STK0 | ||